logo

Bir Sreshtho Munshi Abdur Rouf Library
Jhenaidah Cadet College

কাব্য সঞ্চয় / (Record no. 2687)

MARC details
000 -LEADER
fixed length control field 00727nam a22002057a 4500
001 - CONTROL NUMBER
JCCL Control Number 2687
003 - CONTROL NUMBER IDENTIFIER
JCCL marc code BD-JhCC
005 - DATE AND TIME OF LATEST TRANSACTION
control field 20171106132003.0
008 - FIXED-LENGTH DATA ELEMENTS--GENERAL INFORMATION
fixed length control field 171106b1965 bg ||||| |||| 00| 0 ben d
035 ## - SYSTEM CONTROL NUMBER
system control number (BD-JhCC)
040 ## - CATALOGING SOURCE
Original cataloging agency BD-JhCC
Modifying agency BD-JhCC
041 ## - LANGUAGE CODE
Language code of Book ben
082 ## - DEWEY DECIMAL CLASSIFICATION NUMBER
Classification number 891.4425
Author mark and Year KAB 1965
100 ## - MAIN ENTRY--PERSONAL NAME
Personal name যশোর শিক্ষা বোর্ড
245 ## - TITLE STATEMENT
Title কাব্য সঞ্চয় /
Statement of responsibility, etc উচ্চ মাধ্যমিক ও মাধ্যমিক শিক্ষা সংসদ যশোর ;
260 ## - PUBLICATION, DISTRIBUTION, ETC. (IMPRINT)
Place of publication, distribution, etc যশোর :
Name of publisher, distributor, etc যশোর শিক্ষা বোর্ড ;
Date of publication, distribution, etc ১৯৬৫
300 ## - PHYSICAL DESCRIPTION
Pagination ১৮৭ পৃ. ;
Dimensions ২২ সেমি
650 ## - SUBJECT ADDED ENTRY--TOPICAL TERM
Topical term or geographic name as entry element Bengali Poetry
942 ## - ADDED ENTRY ELEMENTS (KOHA)
Source of classification or shelving scheme Dewey Decimal Classification
Koha item type Books
Holdings
Source of classification or shelving scheme Damaged status Not for loan Home library Current library Date of accession Cost, normal purchase price Total Checkouts Full call number Barcode Date last seen Copy number Koha item type
Dewey Decimal Classification     JCC Rouf Library JCC Rouf Library 11/06/2017 3.00   891.4425 KAB 1965 4489 11/06/2017 C-1 Books

JCC Library | Contacts | JCC Home

Last Update on 23 September 2017
Copyright @ 2017-2020 JCC Rouf Library
Rouf Library, Jhenidah Cadet College (JCC), Bangladesh